Smartest Characters on TV Quiz Stats

 Plays Quiz Updated Dec 29, 2015

Challenge
Share
Tweet
Score 0/24 Timer 07:00
0 Plays Today
% Correct
Lisa Simpson (The Simpsons)
96.5%
Spock (Star Trek)
96.1%
Dr. Gregory House (House, M.D.)
93.3%
Sherlock Holmes (Sherlock)
91.2%
Sheldon Cooper (The Big Bang Theory)
90%
Velma Dinkley (Scooby-Doo, Where Are You!)
85.5%
Malcolm (Malcolm in the Middle)
84.6%
The Brain (Pinky and the Brain)
82%
Dexter (Dexter's Laboratory)
76%
Doogie Howser (Doogie Howser, M.D.)
75.7%
Dr. Temperance Brennan (Bones)
72.6%
Veronica Mars (Veronica Mars)
60.9%
% Correct
Sandy Cheeks (SpongeBob SquarePants)
53.8%
Hannibal Lecter (Hannibal)
49.2%
Bruce Wayne (Batman: The Animated Series)
42.7%
Rory Gilmore (Gilmore Girls)
41.2%
Alex Dunphy (Modern Family)
39.3%
Dr. Cristina Yang (Grey's Anatomy)
30.7%
Dr. Spencer Reid (Criminal Minds)
21.3%
River Tam (Firefly)
16.2%
Leonardo Da Vinci (Da Vinci's Demons)
14.2%
Eugene Porter (The Walking Dead)
12.2%
Walter Bishop (Fringe)
9.9%
Cosima Niehaus (Orphan Black)
7.7%

You're not logged in!

Compare scores with friends on all Sporcle quizzes.
Join for Free
OR
Log In

You Might Also Like...

Show Comments

Extras

Top Quizzes Today


Score Distribution

Your Account Isn't Verified!

In order to create a playlist on Sporcle, you need to verify the email address you used during registration. Go to your Sporcle Settings to finish the process.

Report this User

Report this user for behavior that violates our Community Guidelines.

Details: